000
00315nam a2200133Ia 4500
005
20251222141952.0
008
251222s9999||||xx |||||||||||||| ||spa||
020
_a
3-87249-001-X
082
_a
649.122/H11
100
_a
Haarer, Johanna
245
0
_a
Die Mutter Und ihr Erstes Kind
264
_b
Gerber
942
_c
LIB
999
_c
9718
_d
9718